Czy ta miejscowość znajduje się w Małopolsce? Nagła śmierć - Statistics

General Stats
  • This quiz has been taken 4 times
  • The average score is 9 of 17
Answers on the Grid
Answers color-coded by a green-red scale on the quiz's grid according to % correct below.
Iwkowa
Szczurowa
Dworzakowo
Wola Nieszkowska
Augustów
Lubawa
Bydgoszcz
Łososina Górna
Goleniów
Zakliczyn
Tarnów
Częstochowa
Łukowica
Trzebinia
Nowy Sącz
Świdnica
Zakopane
Sromowce Niżne
Czerwony Klasztor
Warszawa
Sydney
Limanowa
Czchów
Kąty
Porąbka Iwkowska
Czchów
Katowice
Dobczyce
Koszalin
Gozdnica
 
Answer Stats
Answer % Correct
Tarnów
100%
Iwkowa
67%
Limanowa
67%
Łososina Górna
67%
Nowy Sącz
67%
Szczurowa
67%
Wola Nieszkowska
67%
Zakliczyn
67%
Zakopane
67%
Czchów
33%
Czchów
33%
Dobczyce
33%
Kąty
33%
Łukowica
33%
Porąbka Iwkowska
33%
Trzebinia
33%
Sromowce Niżne
0%
No matching quizzes found
Score Distribution
Percent of People with Each Score
Percentile by Number Answered
Your Score History
You have not taken this quiz